Grécko sa pripravuje na vstup do EMÚ v roku 2001
Plán vstupu Grécka do Európskej menovej únie v roku 2001. Revalvácia gréckej drachmy oproti euru ako jeden s úspechov. Plnenie inflačných a úrokových konvergenčných kritérií. Mierne zvýšenie gréckej inflácie.
Salvato in:
| Autore principale: | |
|---|---|
| Natura: | Capitolo di libro |
| Lingua: | slovacco |
| Soggetti: | |
| Tags: |
Nessun Tag, puoi essere il primo ad aggiungerne!!
|
MARC
| LEADER | 00000naa a2200000 4500 | ||
|---|---|---|---|
| 001 | r037451 | ||
| 005 | 20230824104740.9 | ||
| 041 | 0 | |a slo | |
| 044 | |a SK | ||
| 245 | 1 | 0 | |a Grécko sa pripravuje na vstup do EMÚ v roku 2001 |c Ján Mareček |
| 520 | |a Plán vstupu Grécka do Európskej menovej únie v roku 2001. Revalvácia gréckej drachmy oproti euru ako jeden s úspechov. Plnenie inflačných a úrokových konvergenčných kritérií. Mierne zvýšenie gréckej inflácie. | ||
| 610 | 2 | 0 | |a integrácia ekonomická medzinárodná |
| 610 | 2 | 0 | |a Grécko |
| 610 | 2 | 0 | |a drachma |
| 610 | 2 | 0 | |a euro |
| 610 | 2 | 0 | |a revalvácia |
| 610 | 2 | 0 | |a inflácia |
| 610 | 2 | 0 | |a situácia hospodárska |
| 610 | 2 | 0 | |a integrácia menová |
| 100 | 1 | |a Mareček, Ján | |